Marine environmental governance : (Record no. 3002)
[ view plain ]
| 000 -LEADER | |
|---|---|
| fixed length control field | 01625cam a2200349Ii 4500 |
| 008 - FIXED-LENGTH DATA ELEMENTS--GENERAL INFORMATION | |
| fixed length control field | 180706s2012 enk ob 001 0 eng d |
| 020 ## - INTERNATIONAL STANDARD BOOK NUMBER | |
| International Standard Book Number | 9780203803981 |
| Qualifying information | (e-book : PDF) |
| 020 ## - INTERNATIONAL STANDARD BOOK NUMBER | |
| International Standard Book Number | 9781136637384 |
| Qualifying information | (e-book: PDF) |
| 020 ## - INTERNATIONAL STANDARD BOOK NUMBER | |
| International Standard Book Number | 9781136637339 |
| Qualifying information | (e-book: Mobi) |
| 020 ## - INTERNATIONAL STANDARD BOOK NUMBER | |
| International Standard Book Number | 9781136637377 |
| Qualifying information | (e-book: ePub) |
| 020 ## - INTERNATIONAL STANDARD BOOK NUMBER | |
| Qualifying information | (hardback) |
| 020 ## - INTERNATIONAL STANDARD BOOK NUMBER | |
| Qualifying information | (paperback) |
| 040 ## - CATALOGING SOURCE | |
| Original cataloging agency | IMU Kochi Library |
| Language of cataloging | eng |
| 041 0# - LANGUAGE CODE | |
| Language code of text/sound track or separate title | eng |
| 082 04 - DEWEY DECIMAL CLASSIFICATION NUMBER | |
| Classification number | 346.046916416 |
| Item number | T255 |
| 100 1# - MAIN ENTRY--PERSONAL NAME | |
| Personal name | Techera, Erika J., |
| 245 10 - TITLE STATEMENT | |
| Title | Marine environmental governance : |
| Sub Title | from international law to local practice / |
| 300 ## - PHYSICAL DESCRIPTION | |
| Extent | 1 online resource (xxiv, 283 pages) |
| 500 ## - GENERAL NOTE | |
| General note | "A GlassHouse book." |
| 504 ## - BIBLIOGRAPHY, ETC. NOTE | |
| Bibliography, etc | Includes bibliographical references (pages [255]-275) and index. |
| 505 0# - FORMATTED CONTENTS NOTE | |
| Formatted contents note | 1. Introduction -- 2. Sustainable development : theory, practice and law -- 3. Marine environmental law, fisheries and small island states -- 4. Communities and conservation -- 5. Customary law and post-colonial societies -- 6. Law, custom and conservation in the Pacific -- 7. Legal frameworks for community-based marine management -- 8. Conclusion. |
| 650 #0 - SUBJECT ADDED ENTRY--TOPICAL TERM | |
| Topical term or geographic name as entry element | Marine resources conservation |
| General subdivision | Law and legislation. |
| 650 #0 - SUBJECT ADDED ENTRY--TOPICAL TERM | |
| Topical term or geographic name as entry element | Environmental law, International. |
| 650 #0 - SUBJECT ADDED ENTRY--TOPICAL TERM | |
| Topical term or geographic name as entry element | Marine resources conservation |
| General subdivision | Law and legislation |
| Geographic subdivision | Pacific Area. |
| 856 40 - ELECTRONIC LOCATION AND ACCESS | |
| Uniform Resource Identifier | <a href="https://www.taylorfrancis.com/books/9781136637384">https://www.taylorfrancis.com/books/9781136637384</a> |
| Public note | Click here to view. |
| 904 ## - LOCAL DATA ELEMENT D, LDD (RLIN) | |
| CATALOGER | Rudra Ranjan |
| 905 ## - LOCAL DATA ELEMENT E, LDE (RLIN) | |
| VERIFIER | Rudra Ranjan |
| 942 ## - ADDED ENTRY ELEMENTS (KOHA) | |
| Item type | E-Book |
| 264 #1 - | |
| -- | Abingdon, Oxon : |
| -- | Routledge, |
| -- | 2012. |
No items available.